000 00390pab a2200157 454500
008 180718b2014 xxu||||| |||| 00| 0 eng d
100 _aKaur, Inderpreet
245 _aTerrorism and human rights: critical analysis
260 _c2014
300 _ap.28-40.
362 _aJan-Mar
650 _aHuman rights
650 _aTerrorism
773 _aIndian Police Journal
909 _a107293
999 _c107288
_d107288